000 00361nam a22001457a 4500
003 macl
005 20190709152250.0
008 190709b xxu||||| |||| 00| 0 eng d
040 _cmacl
100 _aPalit, Chittabrta
_975879
245 _aThe History of British India
260 _aDelhi
_bKunal Books
_c2015
650 _aHistory
_975880
942 _2ddc
_cBK
999 _c60499
_d60499